| 000 | 00434nam a2200145Ia 4500 | ||
|---|---|---|---|
| 008 | 230917s9999||||xx |||||||||||||| ||und|| | ||
| 040 |
_e180677 _aMAIN |
||
| 041 | _aEnglish | ||
| 082 | _a34:351 U3E | ||
| 100 | _aUniversal | ||
| 245 | 0 | _aLegal services authorities act, 1987 as amended by the Legal Services Authorities (amendment) act 2002 | |
| 260 |
_aNew Delhi _bUniversal Law Publishing _c2003 |
||
| 300 | _a44 p. | ||
| 942 | _cBK | ||
| 999 |
_c115422 _d115422 |
||